Littérature - Les expressions de la sensibilité (2) - Statistiques

Statistiques générales
  • Ce quiz a été pris 19 fois
  • Le résultat moyen est 5 sur 14
Statistiques - réponses
Hint Réponse % Correct
Roman de Stendhal dans lequel le père de Julien l'empêche de lire et rejette son imagination. Le Rouge et le Noir
93%
Oeuvre dans laquelle Meursault apparait chez Camus. L'Etranger
80%
Personnage d'une extrême sensibilité et mélancolie, incarnant le mal du siècle chez Chateaubriand, et vouant aux ouragans les tempêtes de son coeur. René
60%
Auteur de Discours sur l'origine et les fondements de l'inégalité entre les hommes. Rousseau
53%
Nationalité de cet auteur Allemande
33%
Film d'animation du réalisateur Hayao Miyazaki, où les humains comprennent qu'ils ne doivent plus combattre la nature mais entrer en relation avec son âme. Princesse Mononoke
33%
Date de publication de celui-ci. 1830
27%
Essai littéraire dans lequel Madame de Staël célèbre la sensibilité romantique pour laquelle l'âme résonne avec la nature. De l'Allemagne
27%
Film de David Lynch dans lequel un personnage déformé physiquement voit sa sensibilité détruite par le regard d'autrui. Elefant Man
20%
Mot portugais qui exprime le mélange de mélancolie, de nostalgie et de tristesse, le mal du siècle. Saudade
20%
Ce même mot dans une version roumaine. Dor
7%
Auteur d'Hymnes à la Nuit, dans laquelle il exprime une sensibilité douloureuse du deuil de sa bien-aimée Sophie von Kühn. Novalis
7%
Personnage de Crimes et Chatiments de Dostoievski. Raskolikov
7%
Auteur de Obermann, qui est publié en 1804, dont le personnage retrouve dans les paysages de Fontainebleau le miroir de son âme et sa sensibilité profonde. Senacour
7%
Aucun quiz correspondant
Distribution des résultats
% des personnes avec chaque résultat
Percentile par nombre de réponses
Votre historique - résultats
Vous n’avez pas pris ce quiz